000 00616nam a22002297a 4500
001 00028806
005 20260416170712.0
008 260416b ag ||||| |||| 00| 0 spa d
020 _a9789870707837
040 _aAR-CcCEOS
_bspa
_cAR-CcCEOS
041 _aspa
080 _a860-36(82)
090 _bPRA12
100 1 _aPratt, Hugo
_91073
245 _aCorto Maltés 12 :
_bLas Helvéticas /
_cHugo Pratt
250 _a1ª ed.
260 _aBuenos Aires :
_bArte Gráfico,
_c2010.
300 _av. 12, 80 p. ;
_c21x14 cm.
490 _vCorto Maltés ; 12
655 0 _ahistorieta
_9207
942 _2udc
_cBK
_n0
999 _c28842
_d28842